00550nam a22001577a 450000500170000000800410001702000150005804100130007308200150008610000430010124501130014425000200025726000570027730000320033465000260036620240112074821.0240111b |||||||| |||| 00| 0 eng d a0409041076 aEnglish  a346.7 MAL  aMalan, FR and Pretorius, JT lEnglish  aMalan on Bills of exchange, Cheques and Promissory Notes in South African Law / cFR Malan and JT Pretorius  aFourth Edition  aDurban : bButterworth Publishers (Pty) Ltd, c2002  bxiii, 593 pages ; c25 cm.  aLegal practice bLaw